ARRUPE JESUIT UNIVERSITY

CORONAVIRUS -STOP THE SPREAD - CLEAN,DISINFECT,COVER
Normal view MARC view

Entry Geographic Name

Number of records used in: 1

001 - CONTROL NUMBER

  • control field: 36841

003 - CONTROL NUMBER IDENTIFIER

  • control field: ARRUPE

005 - DATE AND TIME OF LATEST TRANSACTION

  • control field: 20171009150057.0

008 - FIXED-LENGTH DATA ELEMENTS

  • fixed length control field: 171009|| aca||aabn | a|a d

040 ## - CATALOGING SOURCE

  • Original cataloging agency: ARRUPE
  • Transcribing agency: ARRUPE

151 ## - HEADING--GEOGRAPHIC NAME

  • Geographic name: Douala (Cameroon)
  • General subdivision: Social life and customs.

670 ## - SOURCE DATA FOUND

  • Source citation: Work cat.: (ARRUPE)4358: Rosny, Eric de, 1930- 36834, Les yeux de ma chèvre :, c1981.

 

Arrupe Library. PO Box MP320 Mt Pleasant, Harare, Zimbabwe
263 242 745411|librarian@aju.ac.zw